Trap pond mapping in tramkak district takeo province, ការធ្វើផែនទីកំណត់តំបន់សំបូរត្រី និងខ្សត់ត្រីក្នុងស្រុកត្រាំកក់ ខេត្តតាកែវ (Record no. 3749)
[ view plain ]
| 000 -LEADER | |
|---|---|
| fixed length control field | 00629nam a22001577a 4500 |
| 003 - CONTROL NUMBER IDENTIFIER | |
| control field | OSt |
| 005 - DATE AND TIME OF LATEST TRANSACTION | |
| control field | 20151130144333.0 |
| 008 - FIXED-LENGTH DATA ELEMENTS--GENERAL INFORMATION | |
| fixed length control field | 151130b xxu||||| |||| 00| 0 eng d |
| 040 ## - CATALOGING SOURCE | |
| Transcribing agency | RUA |
| 082 ## - DEWEY DECIMAL CLASSIFICATION NUMBER | |
| Classification number | FIS RAT 1999 B169 Or.1 |
| 100 ## - MAIN ENTRY--PERSONAL NAME | |
| 9 (RLIN) | 4030 |
| Personal name | RATH, REASEY. |
| 245 ## - TITLE STATEMENT | |
| Title | Trap pond mapping in tramkak district takeo province, ការធ្វើផែនទីកំណត់តំបន់សំបូរត្រី និងខ្សត់ត្រីក្នុងស្រុកត្រាំកក់ ខេត្តតាកែវ |
| 260 ## - PUBLICATION, DISTRIBUTION, ETC. (IMPRINT) | |
| Place of publication, distribution, etc. | Phnom Penh |
| Name of publisher, distributor, etc. | RUA |
| Date of publication, distribution, etc. | 1999 |
| 300 ## - PHYSICAL DESCRIPTION | |
| Extent | 42p. |
| Other physical details | ill. |
| Dimensions | 29cm. |
| 942 ## - ADDED ENTRY ELEMENTS (KOHA) | |
| Source of classification or shelving scheme | |
| Koha item type | FIS |
| Price effective from | Date last seen | Permanent Location | Not for loan | Date acquired | Source of classification or shelving scheme | Koha item type | Barcode | Lost status | Damaged status | Shelving location | Withdrawn status | Current Location | Full call number |
|---|---|---|---|---|---|---|---|---|---|---|---|---|---|
| 2015-11-30 | 2015-11-30 | Library Block B | 2015-11-30 | FIS | RUA027167 | B169 | Library Block B | FIS RAT 1999 B169 Or.1 | |||||
| 2015-11-30 | 2015-11-30 | Library Block B | 2015-11-30 | FIS | RUA027095 | B169 | Library Block B | FIS RAT 1999 B169 Or.2 | |||||
| 2015-11-30 | 2015-11-30 | Library Block B | 2015-11-30 | FIS | RUA027014 | B169 | Library Block B | FIS RAT 1999 B169 Or.3 | |||||
| 2015-11-30 | 2015-11-30 | Library Block B | 2015-11-30 | FIS | RUA027382 | B169 | Library Block B | FIS RAT 1999 B169 Or.4 | |||||
| 2015-11-30 | 2015-11-30 | Library Block B | 2015-11-30 | FIS | RUA027310 | B169 | Library Block B | FIS RAT 1999 B169 Or.5 | |||||
| 2015-11-30 | 2015-11-30 | Library Block B | 2015-11-30 | FIS | RUA026875 | B169 | Library Block B | FIS RAT 1999 B169 Or.6 | |||||
| 2015-11-30 | 2015-11-30 | Library Block B | 2015-11-30 | FIS | RUA027238 | B169 | Library Block B | FIS RAT 1999 B169 Or.7 | |||||
| 2015-11-30 | 2015-11-30 | Library Block B | 2015-11-30 | FIS | RUA027166 | B169 | Library Block B | FIS RAT 1999 B169 Or.8 | |||||
| 2015-11-30 | 2015-11-30 | Library Block B | 2015-11-30 | FIS | RUA027094 | B169 | Library Block B | FIS RAT 1999 B169 Or.9 | |||||
| 2015-11-30 | 2015-11-30 | Library Block B | 2015-11-30 | FIS | RUA027016 | B169 | Library Block B | FIS RAT 1999 B169 Or.10 | |||||
| 2015-11-30 | 2015-11-30 | Library Block B | 2015-11-30 | FIS | RUA026695 | B169 | Library Block B | FIS RAT 1999 B169 Or.11 |